[Event "IMP Kobiet do lat 20"]
[Site "Chotowa"]
[Date "2023.10.31"]
[Round "9.1"]
[White "Zabrzanska, Weronika"]
[Black "Barwinska, Ewa"]
[Result "0-1"]
[BlackElo "1974"]
[WhiteElo "1915"]
[LiveChessVersion "1.4.8"]

1. e4 {[%clk 1:30:57]} c5 {[%clk 1:30:54]} 2. c3 {[%clk 1:31:18]} Nf6
{[%clk 1:31:17]} 3. e5 {[%clk 1:31:42]} Nd5 {[%clk 1:31:41]} 4. Nf3
{[%clk 1:32:05]} Nc6 {[%clk 1:31:42]} 5. Bc4 {[%clk 1:31:04]} Nb6
{[%clk 1:28:17]} 6. Bb3 {[%clk 1:31:07]} c4 {[%clk 1:27:48]} 7. Bc2
{[%clk 1:31:32]} d6 {[%clk 1:28:04]} 8. exd6 {[%clk 1:31:15]} Qxd6
{[%clk 1:28:24]} 9. Na3 {[%clk 1:31:18]} Bg4 {[%clk 1:24:32]} 10. Qe2
{[%clk 1:18:32]} Qe6 {[%clk 1:09:07]} 11. Be4 {[%clk 1:00:26]} f5
{[%clk 1:04:21]} 12. Bd3 {[%clk 0:59:05]} Qxe2+ {[%clk 1:02:03]} 13. Bxe2
{[%clk 0:59:16]} Bxf3 {[%clk 0:59:19]} 14. Bxf3 {[%clk 0:56:55]} Rc8
{[%clk 0:49:59]} 15. b3 {[%clk 0:53:39]} e5 {[%clk 0:48:15]} 16. g4
{[%clk 0:43:41]} e4 {[%clk 0:42:28]} 17. Be2 {[%clk 0:40:25]} cxb3
{[%clk 0:40:04]} 18. axb3 {[%clk 0:33:43]} f4 {[%clk 0:38:03]} 19. f3
{[%clk 0:30:23]} exf3 {[%clk 0:34:17]} 20. Bxf3 {[%clk 0:30:40]} Kf7
{[%clk 0:31:11]} 21. Nc2 {[%clk 0:25:55]} a6 {[%clk 0:25:47]} 22. d4
{[%clk 0:23:12]} Bd6 {[%clk 0:26:08]} 23. O-O {[%clk 0:22:34]} g5
{[%clk 0:25:23]} 24. c4 {[%clk 0:20:23]} Rhd8 {[%clk 0:22:41]} 25. Bd2
{[%clk 0:17:44]} Nxd4 {[%clk 0:19:28]} 26. Nxd4 {[%clk 0:17:11]} Bc5
{[%clk 0:19:50]} 27. Be3 {[%clk 0:14:43]} Rxd4 {[%clk 0:14:38]} 28. Ra5
{[%clk 0:05:46]} fxe3 {[%clk 0:12:04]} 29. Bxb7+ {[%clk 0:04:57]} Rf4
{[%clk 0:11:43]} 30. Rb1 {[%clk 0:04:02]} e2+ {[%clk 0:10:52]} 31. Kg2
{[%clk 0:04:18]} Re8 {[%clk 0:07:52]} 32. Rxc5 {[%clk 0:04:08]} e1=Q
{[%clk 0:08:07]} 33. Rxe1 {[%clk 0:04:06]} Rxe1 {[%clk 0:08:35]} 34. Rxg5
{[%clk 0:04:02]} h6 {[%clk 0:07:46]} 35. Rh5 {[%clk 0:03:17]} Rxg4+
{[%clk 0:07:30]} 36. Kf2 {[%clk 0:02:51]} Rb1 {[%clk 0:06:05]} 37. Rxh6
{[%clk 0:02:13]} Rxb3 {[%clk 0:05:46]} 38. c5 {[%clk 0:02:10]} Rf4+
{[%clk 0:03:52]} 39. Ke2 {[%clk 0:02:02]} Nc4 {[%clk 0:03:52]} 40. Bd5+
{[%clk 0:30:44]} Kg7 {[%clk 0:34:10]} 41. Rxa6 {[%clk 0:30:16]} Re3+
{[%clk 0:34:32]} 42. Kd1 {[%clk 0:30:29]} Rf1+ {[%clk 0:34:32]} 43. Kc2
{[%clk 0:30:43]} Rf2+ {[%clk 0:34:56]} 44. Kd1 {[%clk 0:31:04]} Nb2+
{[%clk 0:35:21]} 0-1

[Event "IMP Kobiet do lat 20"]
[Site "Chotowa"]
[Date "2023.10.31"]
[Round "9.2"]
[White "Goraj, Barbara"]
[Black "Hertlein, Irena"]
[Result "1-0"]
[BlackElo "1952"]
[WhiteElo "2135"]
[LiveChessVersion "1.4.8"]

1. e4 {[%clk 1:30:56]} c5 {[%clk 1:30:55]} 2. Nf3 {[%clk 1:31:18]} Nc6
{[%clk 1:30:52]} 3. Bb5 {[%clk 1:31:28]} g6 {[%clk 1:30:46]} 4. O-O
{[%clk 1:31:40]} Bg7 {[%clk 1:31:10]} 5. c3 {[%clk 1:31:58]} Nf6 {[%clk 1:29:50]}
6. Re1 {[%clk 1:31:35]} O-O {[%clk 1:26:46]} 7. d4 {[%clk 1:31:17]} cxd4
{[%clk 1:17:11]} 8. cxd4 {[%clk 1:31:37]} d5 {[%clk 1:17:21]} 9. e5
{[%clk 1:31:36]} Ne8 {[%clk 1:13:36]} 10. Bxc6 {[%clk 1:19:56]} bxc6
{[%clk 1:13:48]} 11. Nc3 {[%clk 1:19:10]} Nc7 {[%clk 1:04:48]} 12. h3
{[%clk 1:10:46]} Ne6 {[%clk 0:57:42]} 13. Na4 {[%clk 1:07:35]} Ba6
{[%clk 0:55:04]} 14. Ng5 {[%clk 1:06:09]} Nxg5 {[%clk 0:44:52]} 15. Bxg5
{[%clk 1:06:28]} Bb5 {[%clk 0:43:42]} 16. Nc5 {[%clk 1:06:07]} a5
{[%clk 0:43:26]} 17. a4 {[%clk 0:55:37]} Ba6 {[%clk 0:40:48]} 18. Qd2
{[%clk 0:53:11]} Re8 {[%clk 0:37:54]} 19. Rac1 {[%clk 0:48:22]} Qb6
{[%clk 0:32:27]} 20. b3 {[%clk 0:46:55]} Bc8 {[%clk 0:29:05]} 21. Qf4
{[%clk 0:40:33]} Qb4 {[%clk 0:24:15]} 22. Red1 {[%clk 0:34:55]} Ra7
{[%clk 0:23:27]} 23. Bh6 {[%clk 0:31:25]} f6 {[%clk 0:12:00]} 24. Bxg7
{[%clk 0:29:11]} Kxg7 {[%clk 0:11:37]} 25. h4 {[%clk 0:25:25]} f5
{[%clk 0:08:52]} 26. e6 {[%clk 0:24:03]} h5 {[%clk 0:09:18]} 27. Rd3
{[%clk 0:20:31]} Rf8 {[%clk 0:09:05]} 28. Rcc3 {[%clk 0:15:18]} Rf6
{[%clk 0:08:26]} 29. Qe5 {[%clk 0:14:52]} Qb6 {[%clk 0:07:13]} 30. Rg3
{[%clk 0:12:29]} Qc7 {[%clk 0:05:29]} 31. Rg5 {[%clk 0:12:17]} Qd6
{[%clk 0:02:50]} 32. Rcg3 {[%clk 0:11:03]} Kh7 {[%clk 0:03:13]} 33. Rxg6
{[%clk 0:08:54]} Rxg6 {[%clk 0:03:04]} 34. Qxf5 {[%clk 0:09:12]} Qxg3
{[%clk 0:03:23]} 35. fxg3 {[%clk 0:09:34]} Ra8 {[%clk 0:02:28]} 36. Qf7+
{[%clk 0:08:41]} Rg7 {[%clk 0:02:37]} 37. Qxh5+ {[%clk 0:08:52]} Kg8
{[%clk 0:03:06]} 38. Qe8+ {[%clk 0:08:08]} Kh7 {[%clk 0:03:34]} 39. Qxc6
{[%clk 0:07:23]} Ra7 {[%clk 0:03:28]} 1-0

[Event "IMP Kobiet do lat 20"]
[Site "Chotowa"]
[Date "2023.10.31"]
[Round "9.3"]
[White "Kudlak, Julia"]
[Black "Siekanska, Maria"]
[Result "0-1"]
[BlackElo "2065"]
[WhiteElo "1892"]
[LiveChessVersion "1.4.8"]

1. c4 {[%clk 1:30:52]} e5 {[%clk 1:29:21]} 2. Nc3 {[%clk 1:26:37]} d6
{[%clk 1:27:18]} 3. e3 {[%clk 1:19:55]} g6 {[%clk 1:26:22]} 4. d4
{[%clk 1:18:49]} Nd7 {[%clk 1:26:30]} 5. Qc2 {[%clk 1:11:00]} Bg7
{[%clk 1:26:06]} 6. Nge2 {[%clk 1:09:24]} Ne7 {[%clk 1:22:38]} 7. Bd2
{[%clk 1:04:00]} O-O {[%clk 1:14:37]} 8. a3 {[%clk 0:59:07]} exd4
{[%clk 1:12:29]} 9. Nxd4 {[%clk 0:57:22]} Nc5 {[%clk 1:04:49]} 10. Nce2
{[%clk 0:44:30]} a5 {[%clk 1:01:31]} 11. f3 {[%clk 0:34:40]} a4 {[%clk 0:57:13]}
12. g4 {[%clk 0:31:38]} f5 {[%clk 0:51:28]} 13. g5 {[%clk 0:29:49]} f4
{[%clk 0:50:59]} 14. e4 {[%clk 0:26:49]} Nc6 {[%clk 0:50:13]} 15. Nxc6
{[%clk 0:26:21]} bxc6 {[%clk 0:50:36]} 16. h4 {[%clk 0:19:28]} Bxb2
{[%clk 0:50:12]} 17. Rb1 {[%clk 0:14:54]} Be5 {[%clk 0:49:41]} 18. Kf2
{[%clk 0:11:48]} Qe7 {[%clk 0:43:39]} 19. Bh3 {[%clk 0:08:53]} Bxh3
{[%clk 0:36:44]} 20. Rxh3 {[%clk 0:09:19]} Nb3 {[%clk 0:36:06]} 21. Bc3
{[%clk 0:06:52]} Qe6 {[%clk 0:33:29]} 22. Bxe5 {[%clk 0:04:17]} Qxh3
{[%clk 0:31:50]} 23. Bxf4 {[%clk 0:04:28]} Nd4 {[%clk 0:31:02]} 24. Nxd4
{[%clk 0:03:55]} Rxf4 {[%clk 0:31:23]} 25. Ke3 {[%clk 0:03:24]} Raf8
{[%clk 0:31:20]} 26. c5 {[%clk 0:01:20]} d5 {[%clk 0:31:02]} 27. Rb8
{[%clk 0:00:39]} Rxf3+ {[%clk 0:31:09]} 28. Nxf3 {[%clk 0:00:54]} Qxf3+
{[%clk 0:31:35]} 29. Kd4 {[%clk 0:01:02]} Rxb8 {[%clk 0:31:59]} 0-1

[Event "IMP Kobiet do lat 20"]
[Site "Chotowa"]
[Date "2023.10.31"]
[Round "9.4"]
[White "Matskevich, Varvara"]
[Black "Starosta, Martyna"]
[Result "1/2-1/2"]
[BlackElo "2180"]
[WhiteElo "1722"]
[LiveChessVersion "1.4.8"]

1. e4 {[%clk 1:30:00]} c6 {[%clk 1:30:55]} 2. Nc3 {[%clk 1:29:40]} d5
{[%clk 1:31:19]} 3. Nf3 {[%clk 1:29:49]} dxe4 {[%clk 1:31:43]} 4. Nxe4
{[%clk 1:30:09]} Nf6 {[%clk 1:32:08]} 5. Nxf6+ {[%clk 1:29:06]} exf6
{[%clk 1:32:27]} 6. d4 {[%clk 1:29:07]} Bd6 {[%clk 1:32:26]} 7. Bd3
{[%clk 1:28:01]} O-O {[%clk 1:32:22]} 8. O-O {[%clk 1:27:28]} Na6
{[%clk 1:21:16]} 9. c3 {[%clk 1:24:52]} Nc7 {[%clk 1:20:51]} 10. Qc2
{[%clk 1:24:06]} g6 {[%clk 1:19:23]} 11. Bh6 {[%clk 1:21:35]} Re8
{[%clk 1:19:45]} 12. Rfe1 {[%clk 1:18:37]} Be6 {[%clk 1:17:51]} 13. Nd2
{[%clk 1:13:24]} f5 {[%clk 1:15:05]} 14. g3 {[%clk 1:01:36]} Nd5 {[%clk 1:11:08]}
15. a3 {[%clk 0:57:53]} Rc8 {[%clk 1:05:56]} 16. c4 {[%clk 0:44:51]} Nf6
{[%clk 1:04:59]} 17. Nf3 {[%clk 0:38:44]} Qc7 {[%clk 0:54:43]} 18. Qc3
{[%clk 0:34:37]} Ng4 {[%clk 0:49:57]} 19. Bd2 {[%clk 0:32:32]} Bd7
{[%clk 0:40:54]} 20. h3 {[%clk 0:22:34]} Nf6 {[%clk 0:35:09]} 21. d5
{[%clk 0:09:55]} Ne4 {[%clk 0:25:08]} 22. Bxe4 {[%clk 0:10:01]} fxe4
{[%clk 0:23:12]} 23. Bh6 {[%clk 0:08:26]} Be5 {[%clk 0:21:43]} 24. Nxe5
{[%clk 0:08:24]} Qxe5 {[%clk 0:22:08]} 25. Qxe5 {[%clk 0:08:21]} Rxe5
{[%clk 0:22:36]} 26. Bf4 {[%clk 0:08:21]} Ree8 {[%clk 0:21:49]} 27. h4
{[%clk 0:08:31]} cxd5 {[%clk 0:15:31]} 28. cxd5 {[%clk 0:08:56]} f6
{[%clk 0:14:44]} 29. Rac1 {[%clk 0:08:10]} Rxc1 {[%clk 0:11:50]} 30. Rxc1
{[%clk 0:08:29]} Rc8 {[%clk 0:11:46]} 31. Rxc8+ {[%clk 0:08:36]} Bxc8
{[%clk 0:12:14]} 32. Kf1 {[%clk 0:08:49]} b6 {[%clk 0:11:06]} 33. Ke2
{[%clk 0:08:29]} Bb7 {[%clk 0:10:56]} 34. Bb8 {[%clk 0:08:14]} Bxd5
{[%clk 0:08:50]} 35. Bxa7 {[%clk 0:08:08]} b5 {[%clk 0:09:19]} 36. Ke3
{[%clk 0:07:59]} Bc6 {[%clk 0:05:57]} 37. Bd4 {[%clk 0:07:37]} Kf7
{[%clk 0:06:16]} 38. Kf4 {[%clk 0:07:57]} Ke6 {[%clk 0:05:42]} 39. Bb6
{[%clk 0:07:48]} Bd5 {[%clk 0:04:00]} 40. Ba5 {[%clk 0:36:33]} Bc6
{[%clk 0:32:02]} 41. Bb6 {[%clk 0:35:40]} Bd5 {[%clk 0:25:45]} 1/2-1/2

[Event "IMP Kobiet do lat 20"]
[Site "Chotowa"]
[Date "2023.10.31"]
[Round "9.5"]
[White "Waszczuk, Patrycja"]
[Black "Sprzeczka, Emilia"]
[Result "1-0"]
[BlackElo "1865"]
[WhiteElo "2248"]
[LiveChessVersion "1.4.8"]

1. c4 {[%clk 1:30:59]} g6 {[%clk 1:30:41]} 2. Nc3 {[%clk 1:30:51]} c5
{[%clk 1:29:55]} 3. e3 {[%clk 1:30:12]} Nf6 {[%clk 1:28:18]} 4. Nf3
{[%clk 1:29:16]} Bg7 {[%clk 1:28:15]} 5. Be2 {[%clk 1:28:19]} O-O
{[%clk 1:27:05]} 6. O-O {[%clk 1:28:11]} Nc6 {[%clk 1:26:19]} 7. d4
{[%clk 1:27:05]} cxd4 {[%clk 1:25:36]} 8. Nxd4 {[%clk 1:26:14]} d6
{[%clk 1:11:05]} 9. b3 {[%clk 1:22:45]} d5 {[%clk 1:03:37]} 10. Nxc6
{[%clk 1:17:25]} bxc6 {[%clk 1:03:59]} 11. Bb2 {[%clk 1:17:30]} e5
{[%clk 1:00:33]} 12. Na4 {[%clk 1:14:07]} Qe7 {[%clk 0:58:03]} 13. cxd5
{[%clk 1:11:43]} cxd5 {[%clk 0:57:59]} 14. Rc1 {[%clk 1:10:24]} Rd8
{[%clk 0:56:01]} 15. Qd2 {[%clk 1:05:43]} Bf5 {[%clk 0:49:27]} 16. Qa5
{[%clk 0:57:53]} Rac8 {[%clk 0:35:07]} 17. Nc5 {[%clk 0:51:25]} Ne4
{[%clk 0:26:11]} 18. Na6 {[%clk 0:36:35]} d4 {[%clk 0:20:12]} 19. exd4
{[%clk 0:30:11]} exd4 {[%clk 0:20:30]} 20. Bc4 {[%clk 0:28:47]} Be5
{[%clk 0:18:06]} 21. f3 {[%clk 0:23:27]} Nd6 {[%clk 0:08:55]} 22. Rfe1
{[%clk 0:20:28]} Nxc4 {[%clk 0:06:51]} 23. Rxc4 {[%clk 0:18:07]} f6
{[%clk 0:05:55]} 24. f4 {[%clk 0:16:06]} Rxc4 {[%clk 0:02:33]} 25. bxc4
{[%clk 0:15:51]} d3 {[%clk 0:01:08]} 26. fxe5 {[%clk 0:15:45]} d2
{[%clk 0:00:55]} 27. Rd1 {[%clk 0:16:07]} Bc8 {[%clk 0:00:51]} 28. Nc7
{[%clk 0:10:12]} fxe5 {[%clk 0:00:36]} 29. Nd5 {[%clk 0:09:49]} Qg5
{[%clk 0:00:45]} 30. Qxd2 {[%clk 0:10:10]} Qxd2 {[%clk 0:00:35]} 31. Rxd2
{[%clk 0:10:35]} Kf7 {[%clk 0:00:44]} 32. Bxe5 {[%clk 0:10:50]} Ba6
{[%clk 0:00:49]} 33. Rd4 {[%clk 0:10:13]} Bxc4 {[%clk 0:00:41]} 34. Rxc4
{[%clk 0:10:34]} Rxd5 {[%clk 0:01:07]} 35. Bd4 {[%clk 0:10:57]} 1-0

[Event "IMP Kobiet do lat 20"]
[Site "Chotowa"]
[Date "2023.10.31"]
[Round "9.6"]
[White "Jarocka, Liwia"]
[Black "Szczotka, Klara"]
[Result "1-0"]
[BlackElo "2020"]
[WhiteElo "2208"]
[LiveChessVersion "1.4.8"]

1. e4 {[%clk 1:30:55]} c5 {[%clk 1:30:58]} 2. Nf3 {[%clk 1:31:05]} Nc6
{[%clk 1:31:26]} 3. Bb5 {[%clk 1:31:24]} Nf6 {[%clk 1:31:48]} 4. Nc3
{[%clk 1:31:39]} Qc7 {[%clk 1:32:04]} 5. O-O {[%clk 1:31:46]} Nd4
{[%clk 1:32:02]} 6. Re1 {[%clk 1:31:52]} a6 {[%clk 1:32:14]} 7. Bf1
{[%clk 1:32:12]} e5 {[%clk 1:32:36]} 8. Nd5 {[%clk 1:30:03]} Nxd5
{[%clk 1:32:49]} 9. exd5 {[%clk 1:30:09]} Bd6 {[%clk 1:32:43]} 10. Nxd4
{[%clk 1:27:45]} cxd4 {[%clk 1:33:08]} 11. c3 {[%clk 1:26:17]} O-O 12. g3
{[%clk 1:19:47]} dxc3 {[%clk 1:28:43]} 13. dxc3 {[%clk 1:20:00]} f5
{[%clk 1:29:01]} 14. c4 {[%clk 1:18:38]} f4 {[%clk 1:22:59]} 15. Bd3
{[%clk 1:12:39]} fxg3 16. hxg3 {[%clk 1:04:06]} Bc5 {[%clk 1:17:12]} 17. Be3
{[%clk 0:57:40]} d6 {[%clk 1:11:09]} 18. Qd2 {[%clk 0:44:25]} a5 {[%clk 1:08:07]}
19. a3 {[%clk 0:39:34]} a4 {[%clk 1:03:35]} 20. Bxc5 {[%clk 0:39:30]} Qxc5
{[%clk 1:03:44]} 21. Re3 {[%clk 0:39:41]} Bf5 {[%clk 1:03:22]} 22. Bf1
{[%clk 0:39:33]} Rf6 {[%clk 1:01:55]} 23. Qb4 {[%clk 0:37:36]} Qd4
{[%clk 0:57:01]} 24. Rc1 {[%clk 0:29:16]} b6 {[%clk 0:54:46]} 25. Be2
{[%clk 0:25:13]} Rh6 {[%clk 0:49:39]} 26. Bf3 {[%clk 0:24:27]} Bg4
{[%clk 0:46:24]} 27. Bg2 {[%clk 0:24:14]} Rf8 {[%clk 0:46:04]} 28. Qc3
{[%clk 0:20:54]} Qc5 {[%clk 0:45:32]} 29. Qb4 {[%clk 0:19:27]} Qc7
{[%clk 0:42:36]} 30. c5 {[%clk 0:19:08]} Qf7 {[%clk 0:24:39]} 31. f3
{[%clk 0:12:53]} e4 {[%clk 0:24:29]} 32. Qxe4 {[%clk 0:11:13]} Bf5
{[%clk 0:24:53]} 33. Qxa4 {[%clk 0:05:51]} bxc5 {[%clk 0:23:10]} 34. Qc4
{[%clk 0:05:50]} Qh5 35. Kf2 Qg5 {[%clk 0:17:28]} 36. Qf4 {[%clk 0:02:20]} Qxf4
{[%clk 0:14:49]} 37. gxf4 {[%clk 0:02:47]} Rb8 {[%clk 0:11:46]} 38. b4
{[%clk 0:02:45]} cxb4 39. Rb3 {[%clk 0:02:49]} Rb5 {[%clk 0:10:33]} 40. Rxb4
{[%clk 0:31:34]} Rxd5 {[%clk 0:36:59]} 41. Rc7 {[%clk 0:28:12]} Rf6
{[%clk 0:35:13]} 42. Bf1 {[%clk 0:25:38]} Bd3 {[%clk 0:29:26]} 43. Rb8+
{[%clk 0:16:30]} Rf8 {[%clk 0:29:51]} 44. Rbb7 {[%clk 0:16:55]} Kh8
{[%clk 0:28:59]} 45. Rxg7 Bg6 {[%clk 0:28:05]} 46. Bh3 {[%clk 0:13:26]} Rd2+
{[%clk 0:19:49]} 47. Kg3 {[%clk 0:10:37]} Rd3 {[%clk 0:19:04]} 48. Rge7
{[%clk 0:09:30]} Rxa3 {[%clk 0:05:56]} 49. f5 {[%clk 0:09:42]} Kg8
{[%clk 0:04:18]} 50. fxg6 {[%clk 0:06:03]} Rfxf3+ {[%clk 0:03:04]} 51. Kg2
{[%clk 0:06:18]} Rg3+ {[%clk 0:02:31]} 52. Kf2 {[%clk 0:06:42]} Raf3+
{[%clk 0:02:51]} 53. Ke2 {[%clk 0:07:07]} Rxh3 {[%clk 0:02:36]} 54. gxh7+
{[%clk 0:07:32]} 1-0

[Event "IMP Kobiet do lat 20"]
[Site "Chotowa"]
[Date "2023.10.31"]
[Round "9.7"]
[White "Gaszka, Zuzanna"]
[Black "Siekanska, Zuzanna"]
[Result "1/2-1/2"]
[BlackElo "1885"]
[WhiteElo "1758"]
[LiveChessVersion "1.4.8"]

1. d4 {[%clk 1:30:58]} d5 {[%clk 1:30:54]} 2. c4 {[%clk 1:31:22]} e6
{[%clk 1:31:19]} 3. Nc3 {[%clk 1:31:48]} Nf6 {[%clk 1:31:44]} 4. Nf3
{[%clk 1:32:12]} Be7 {[%clk 1:31:56]} 5. Bg5 {[%clk 1:32:33]} O-O
{[%clk 1:32:17]} 6. e3 {[%clk 1:32:53]} b6 {[%clk 1:32:01]} 7. Bxf6
{[%clk 1:26:27]} Bxf6 {[%clk 1:32:16]} 8. Qc2 {[%clk 1:26:37]} dxc4
{[%clk 1:30:09]} 9. Bxc4 {[%clk 1:18:51]} Bb7 {[%clk 1:30:29]} 10. Bd3
{[%clk 1:13:45]} g6 {[%clk 1:29:03]} 11. Be4 {[%clk 1:09:01]} Bxe4
{[%clk 1:26:40]} 12. Qxe4 {[%clk 1:08:47]} Na6 {[%clk 1:25:01]} 13. O-O
{[%clk 1:07:18]} c5 {[%clk 1:24:05]} 14. Rfd1 {[%clk 1:04:43]} cxd4
{[%clk 1:19:00]} 15. Nxd4 {[%clk 1:01:42]} Bxd4 {[%clk 1:16:43]} 16. Rxd4
{[%clk 1:01:34]} Qf6 {[%clk 1:16:45]} 17. Rad1 {[%clk 0:58:41]} Nc5
{[%clk 1:15:35]} 18. Qf4 {[%clk 0:53:41]} Qxf4 {[%clk 1:13:03]} 19. Rxf4
{[%clk 0:54:05]} Rfd8 {[%clk 1:12:18]} 20. Rfd4 {[%clk 0:54:05]} Rxd4
{[%clk 1:09:25]} 21. Rxd4 {[%clk 0:54:11]} Kf8 {[%clk 1:09:19]} 22. Kf1
{[%clk 0:51:37]} Ke7 {[%clk 1:09:06]} 23. Ke2 {[%clk 0:46:12]} Rd8
{[%clk 1:07:21]} 24. Rxd8 {[%clk 0:42:40]} Kxd8 {[%clk 1:07:45]} 25. b4
{[%clk 0:40:28]} Na6 {[%clk 1:07:13]} 26. a3 {[%clk 0:40:41]} Nc7
{[%clk 1:07:14]} 27. Kd3 {[%clk 0:40:41]} h5 {[%clk 0:59:19]} 28. h4
{[%clk 0:35:55]} Kd7 {[%clk 0:58:15]} 29. Kc4 {[%clk 0:33:33]} a6
{[%clk 0:55:11]} 30. a4 {[%clk 0:30:31]} Kc6 {[%clk 0:51:37]} 31. Kd4
{[%clk 0:27:03]} Kd6 {[%clk 0:48:55]} 32. Kc4 {[%clk 0:25:05]} Kc6
{[%clk 0:48:43]} 33. Kd4 {[%clk 0:24:51]} 1/2-1/2

[Event "IMP Kobiet do lat 20"]
[Site "Chotowa"]
[Date "2023.10.31"]
[Round "9.8"]
[White "Dylag, Emilia"]
[Black "Szopa, Emilia"]
[Result "1/2-1/2"]
[BlackElo "1706"]
[WhiteElo "2163"]
[LiveChessVersion "1.4.8"]

1. d4 {[%clk 1:30:57]} Nf6 {[%clk 1:30:47]} 2. c4 {[%clk 1:31:21]} g6
{[%clk 1:30:59]} 3. Nc3 {[%clk 1:31:36]} Bg7 {[%clk 1:30:53]} 4. e4
{[%clk 1:31:57]} d6 {[%clk 1:30:40]} 5. Nf3 {[%clk 1:32:19]} O-O {[%clk 1:30:33]}
6. Bd3 {[%clk 1:32:40]} Nc6 {[%clk 1:27:43]} 7. d5 {[%clk 1:32:14]} Nb4
{[%clk 1:27:29]} 8. Be2 {[%clk 1:31:22]} a5 {[%clk 1:27:38]} 9. O-O
{[%clk 1:27:30]} Bd7 {[%clk 1:19:06]} 10. h3 {[%clk 1:25:25]} Na6
{[%clk 1:16:37]} 11. Be3 {[%clk 1:24:17]} h6 {[%clk 1:13:05]} 12. Qd2
{[%clk 1:18:59]} Kh7 {[%clk 1:13:22]} 13. Rad1 {[%clk 1:04:48]} b6
{[%clk 1:08:15]} 14. Nd4 {[%clk 1:00:23]} Nc5 {[%clk 1:05:56]} 15. Qc2
{[%clk 0:58:58]} a4 {[%clk 0:59:43]} 16. f4 {[%clk 0:52:16]} e5 {[%clk 0:56:17]}
17. dxe6 {[%clk 0:51:38]} Nxe6 {[%clk 0:50:09]} 18. Bf3 {[%clk 0:26:58]} Nxd4
{[%clk 0:45:06]} 19. Bxd4 {[%clk 0:27:22]} Bc6 {[%clk 0:44:46]} 20. e5
{[%clk 0:25:29]} Bxf3 {[%clk 0:43:59]} 21. Rxf3 {[%clk 0:25:55]} dxe5
{[%clk 0:37:23]} 22. Bc5 {[%clk 0:15:30]} Qe8 {[%clk 0:34:23]} 23. Bxf8
{[%clk 0:15:54]} Qxf8 {[%clk 0:34:47]} 24. fxe5 {[%clk 0:15:54]} Qc5+
{[%clk 0:35:02]} 25. Qf2 {[%clk 0:16:01]} Qxe5 {[%clk 0:35:02]} 26. Re1
{[%clk 0:11:28]} Qd6 {[%clk 0:32:14]} 27. Nb5 {[%clk 0:09:48]} Qc6
{[%clk 0:30:52]} 28. Qd4 {[%clk 0:08:04]} Kg8 {[%clk 0:29:57]} 29. Qf4
{[%clk 0:04:10]} Qc5+ {[%clk 0:28:48]} 30. Kh1 {[%clk 0:03:58]} Qb4
{[%clk 0:26:39]} 31. Ref1 {[%clk 0:03:08]} Qxb2 {[%clk 0:25:05]} 32. Nxc7
{[%clk 0:02:54]} Rc8 {[%clk 0:23:10]} 33. Nd5 {[%clk 0:02:35]} Nxd5
{[%clk 0:22:53]} 34. Qxf7+ {[%clk 0:02:59]} Kh7 {[%clk 0:22:42]} 35. Qxd5
{[%clk 0:02:20]} Qxa2 {[%clk 0:22:56]} 36. Rf4 {[%clk 0:01:53]} a3
{[%clk 0:20:33]} 37. Rf7 {[%clk 0:01:19]} Qxc4 {[%clk 0:15:36]} 38. Rxg7+
{[%clk 0:00:43]} Kxg7 {[%clk 0:15:52]} 39. Qe5+ {[%clk 0:00:39]} Kg8
{[%clk 0:15:45]} 40. Qf6 {[%clk 0:30:37]} Qc6 {[%clk 0:44:28]} 41. Qf7+
{[%clk 0:29:44]} Kh8 {[%clk 0:43:59]} 42. Rd1 {[%clk 0:27:00]} Qc3
{[%clk 0:27:46]} 43. Qxg6 {[%clk 0:26:45]} Qg7 {[%clk 0:28:07]} 44. Qxb6
{[%clk 0:23:56]} Rg8 {[%clk 0:26:31]} 45. Rg1 {[%clk 0:18:35]} Ra8
{[%clk 0:21:47]} 46. Rd1 {[%clk 0:13:38]} a2 {[%clk 0:15:50]} 47. Rd8+
{[%clk 0:13:50]} Rxd8 {[%clk 0:16:11]} 48. Qxd8+ {[%clk 0:14:16]} Kh7
{[%clk 0:15:52]} 49. Qd3+ {[%clk 0:14:37]} Kh8 {[%clk 0:14:24]} 50. Qd8+
{[%clk 0:14:59]} Kh7 {[%clk 0:14:49]} 51. Qd3+ {[%clk 0:15:24]} 1/2-1/2

[Event "IMP Kobiet do lat 20"]
[Site "Chotowa"]
[Date "2023.10.31"]
[Round "9.9"]
[White "Zgoda, Aleksandra"]
[Black "Michalska, Lena"]
[Result "1-0"]
[BlackElo "1636"]
[WhiteElo "1536"]
[LiveChessVersion "1.4.8"]

1. d4 {[%clk 1:30:56]} g6 {[%clk 1:30:56]} 2. Bf4 {[%clk 1:31:04]} Bg7
{[%clk 1:31:20]} 3. Nc3 {[%clk 1:30:39]} d6 {[%clk 1:31:35]} 4. e4
{[%clk 1:30:32]} a6 {[%clk 1:31:55]} 5. Nf3 {[%clk 1:29:45]} b5 {[%clk 1:32:09]}
6. Bd3 {[%clk 1:25:02]} Bb7 {[%clk 1:32:33]} 7. e5 {[%clk 1:20:31]} dxe5
{[%clk 1:28:27]} 8. dxe5 {[%clk 1:19:20]} e6 {[%clk 1:28:35]} 9. Qe2
{[%clk 1:16:27]} Nd7 {[%clk 1:26:08]} 10. Rd1 {[%clk 1:14:03]} Ne7
{[%clk 1:24:21]} 11. h4 {[%clk 1:08:10]} h5 {[%clk 1:22:28]} 12. Be4
{[%clk 1:04:41]} Bxe4 {[%clk 1:16:21]} 13. Nxe4 {[%clk 1:03:28]} Nd5
{[%clk 1:16:32]} 14. Bg5 {[%clk 0:53:05]} Qb8 {[%clk 1:14:26]} 15. Rxd5
{[%clk 0:49:16]} exd5 {[%clk 1:13:41]} 16. Nf6+ {[%clk 0:49:33]} Bxf6
{[%clk 1:06:14]} 17. exf6+ {[%clk 0:49:27]} Kd8 {[%clk 1:05:36]} 18. Qe7+
{[%clk 0:48:50]} Kc8 {[%clk 1:06:02]} 19. Qxf7 {[%clk 0:47:42]} Qb6
{[%clk 0:46:47]} 20. O-O {[%clk 0:45:37]} Qd6 {[%clk 0:36:59]} 21. Qxg6
{[%clk 0:37:18]} Kb7 {[%clk 0:37:15]} 22. Qf5 {[%clk 0:34:51]} Raf8
{[%clk 0:30:26]} 23. f7 {[%clk 0:30:24]} Nc5 {[%clk 0:17:44]} 24. Re1
{[%clk 0:23:07]} Ne4 {[%clk 0:17:22]} 25. Bf4 {[%clk 0:22:10]} Qc5
{[%clk 0:11:00]} 26. Rxe4 {[%clk 0:12:58]} 1-0